[Event "Bad Bertrich Seniors op 17th"]
[Site "Bad Bertrich"]
[Date "2009.12.09"]
[Round "6"]
[White "Lubner, Wolfgang"]
[Black "Loeffler, Hans"]
[Result "0-1"]
[WhiteElo "1680"]
[BlackElo "1780"]
[PlyCount "90"]
[EventDate "2009.12.04"]
[EventType "swiss"]
[EventRounds "9"]
[EventCountry "GER"]
[SourceTitle "EXT 2022"]
[Source "ChessBase"]
[SourceDate "2021.10.06"]
[SourceVersion "1"]
[SourceVersionDate "2021.10.06"]
[SourceQuality "1"]

1. e4 e5 2. f4 Bc5 3. c3 exf4 4. Nf3 g5 5. d4 Be7 6. Bc4 d6 7. 0-0 Nc6 8. Qe2 Na5 9. Bd3 Bg4 10. Qc2 Nc6 11. Nbd2 Bxf3 12. Nxf3 Bf6 13. Bb5 Kf8 14. b3 Nge7 15. Ba3 a6 16. Bd3 Kg7 17. Rad1 Qe8 18. Rde1 Ng6 19. Bb2 Qd7 20. e5 dxe5 21. Bf5 Qd6 22. Rd1 exd4 23. cxd4 Rae8 24. Nxg5 Bxg5 25. d5+ Nce5 26. Rfe1 Bf6 27. Qd2 c6 28. Qc1 cxd5 29. Ba3 Qb6+ 30. Kh1 d4 31. Bc5 Qa5 32. Rxd4 Qxa2 33. Rxf4 Nxf4 34. Qxf4 Ng6 35. Qg3 Rxe1+ 36. Qxe1 Qa1 37. Bb1 Qc3 38. Qg1 Rc8 39. b4 b6 40. Be3 Re8 41. Bf2 Re2 42. h3 Qd2 43. Bg3 Bd4 44. Qf1 Bf2 45. Bxg6 Re1 0-1